LEADER 01451nam0 22003013i 450 001 CAG0074370 005 20170908093247.0 100 $a20120319d1920 ||||0itac50 ba 101 | $aita 102 $ait 181 1$6z01$ai $bxxxe 182 1$6z01$an 200 1 $aGrammatica ragionata e storica della lingua francese$elezioni dettagliate col confronto delle lingue italiana e latina ad uso degli istituti d'istruzione secondaria, classica e tecnica e degli aspiranti al diploma di abilitazione all'insegnamento$fC. Ghiotti e G. Dogliani 205 $a5. ed. intieramente rifatta ed aumentata nella sintassi e nella parte storica 210 $aTorino \etc.!$cParavia$dstampa 1920 215 $aXXII, 459 p. (3-199 doppie)$d20 cm 300 $aNel front.: Opera adottata con autorizzazione del Ministero della Pubbl. Istr. 700 1$aGhiotti$b, Candido$3CFIV002919$4070$0894 701 1$aDogliani$b, Giustino$3CUBV056602$4070$0744718 790 1$aGhiotti$b, C.$3SBNV032411$zGhiotti, Candido 790 1$aDogliani$b, Justin$3SBNV051799$zDogliani, Giustino 801 3$aIT$bIT-NA0079$c20120319 850 $aIT-SA0088 912 $aCAG0074370 950 0$aBiblioteca Statale Del Monumento Nazionale Della Abbazia Benedettina$d 95E 341-5-31$e 95 0000144865 B 1 v.$fZ $h19801231$i20120319 977 $a 95 996 $aGrammatica ragionata e storica della lingua francese$91483592 997 $aUNISANNIO LEADER 00799nam0 2200277 450 001 9910334260403321 005 20190903120759.0 010 $a978-3-658-24725-6 010 $a978-3-658-24726-3 e-book 100 $a20190903d2019---- km y0itay50 ba 101 1 $aeng$cger 102 $ US 105 $ay 001yy 200 1 $aBusiness development$fAndreas Kohne 210 $aWiesbaden$cSpringer Vieweg$d2019 215 $aIX, 110 p.$d24 cm 300 $aIl volume si basa sul testo tedesco Business development di Andreas Kohne 676 $a658 700 1$aKohne$bAndreas$0766856 801 0$aIT$bUNINA$gREICAT$2UNIMARC 901 $aBK 912 $a9910334260403321 952 $aAZEGI446A$b2299$fDECBC 959 $aDECBC 996 $aBusiness development$91560638 997 $aUNINA